000 00949cab a22002535a 4500
001 L158698
008 150624e2015 xxk 000 0 eng d
035 _a(Sirsi) u158698
041 _aeng
050 _a690.22 $2 18
100 _aBussey, Paul
245 _aCDM 2015
_bA new dawn for construction design management
_h[electronic resource]
260 _aNational Building Specification
_c2015
350 _a0
520 _aTakes a look at what's changed in the new Construction Design and Management (CDM) Regulations 2015.
650 _aCONSTRUCTION (DESIGN AND MANAGEMENT) REGULATIONS 2015
650 _aDESIGN
650 _aSPECIFICATIONS
650 _aWORKING DRAWINGS
690 _aDesign and specification
700 1 _aBrownrigg, Scott
856 4 8 _uhttps://www.thenbs.com/topics/Regulations/articles/cdm-2015-a-new-dawn-for-construction-design-management.asp
_zView this item free of charge at www.thenbs.com...
942 _n0
999 _c84661
_d84661